A smelter plant dropped in a chocolate box setting (Record no. 77701)

MARC details
000 -LEADER
fixed length control field 00884cab a2200193 4500
001 - CONTROL NUMBER
control field ##L134902
008 - FIXED-LENGTH DATA ELEMENTS--GENERAL INFORMATION
fixed length control field 060908n2006 000 0 eng u
035 ## - SYSTEM CONTROL NUMBER
System control number (Sirsi) u134902
041 0# - LANGUAGE CODE
Language code of text/sound track or separate title eng
100 1# - MAIN ENTRY--PERSONAL NAME
Personal name Dunlop, Alan
245 02 - TITLE STATEMENT
Title A smelter plant dropped in a chocolate box setting
260 ## - PUBLICATION, DISTRIBUTION, ETC.
Date of publication, distribution, etc. 2006
490 #0 - SERIES STATEMENT
Series statement Architects' Journal
Volume/sequential designation 8(224) 7 September 2006, 26-37(12)
520 ## - SUMMARY, ETC.
Summary, etc. A building study on the Royal Shakespeare Company's Courtyard Theatre in Stratford-upon-Avon, which has been designed by Ian Ritchie Architects. Despite the fact that the building is temporary, and will be dismantled in 2010, the choice of Cor-ten A sheet made to look like sheet piling for the building envelope has led to some opposition from conservationists.
590 ## - LOCAL NOTE (RLIN)
Local note IKA190906
651 #4 - SUBJECT ADDED ENTRY--GEOGRAPHIC NAME
Geographic name STRATFORD UPON AVON
690 ## - LOCAL SUBJECT ADDED ENTRY--TOPICAL TERM (OCLC, RLIN)
Topical term or geographic name as entry element BUILT ENVIRONMENT-CONSTRUCTION DESIGN
942 ## - ADDED ENTRY ELEMENTS (KOHA)
Suppress in OPAC 0
Holdings
Withdrawn status Lost status Source of classification or shelving scheme Damaged status Not for loan Home library Current library Shelving location Date acquired Total Checkouts Full call number Barcode Date last seen Copy number Price effective from Koha item type
    Dewey Decimal Classification     London London Journal article 08/09/2006   L134902 134902-1001 06/08/2019 1 06/08/2019 Journal article